| 000 | 00463nam a22001577a 4500 | ||
|---|---|---|---|
| 005 | 20180806114257.0 | ||
| 020 |
_a8180900797 _c400.00 |
||
| 035 | _aB-223926, B-223925 | ||
| 037 |
_aDPL _bENG |
||
| 100 | _aDayanand, Swami | ||
| 245 |
_aThe philosophy of religion in India / _cby Swami Dayanand |
||
| 250 | _arev. ed. 2005 | ||
| 260 |
_aDelhi _bBharatiya Kala Prakashan _c2005 |
||
| 300 |
_axxiii, 243p. _c20 cms. |
||
| 942 |
_2ddc _cEN _h181.4 _mDAY |
||
| 999 |
_c64121 _d64121 |
||